000 00485nam a2200157 a 4500
001 000036644
005 20200930075841.0
008 120123s1971 xxu r 000 0 spa d
040 _aDO-SdBNP
_bspa
_cBNPHU
082 _axxxx
_bxxxx
100 1 _aCastaneda, Carlos
_940292
245 1 0 _aA separate reality :
_bfurther conversations with Don Juan /
_cCarlos Castaneda.
260 _aNew York :
_bSimon and Schuster,
_c1971.
300 _a317 p. ;
_c22 cm.
590 _aInventariado, 2019/BT
999 _c36135
_d36135